Sor Asunción Galán de San Cayetano / (Record no. 193593)

MARC details
000 -LEADER
campo de control de longitud fija 01713nam a2200409 i 4500
001 - NÚMERO DE CONTROL
campo de control 193593
003 - IDENTIFICADOR DE NÚMERO DE CONTROL
campo de control ES-MaACL
005 - FECHA Y HORA DE LA ÚLTIMA TRANSACCIÓN
campo de control 20240903062956.0
007 - CAMPO FIJO DE DESCRIPCIÓN FÍSICA--INFORMACIÓN GENERAL
campo de control de longitud fija ta
008 - DATOS DE LONGITUD FIJA--INFORMACIÓN GENERAL
campo de control de longitud fija 240117b1997 sp ||||| |||| 00| 0 spa d
017 ## - NÚMERO DE COPYRIGHT O DE DEPÓSITO LEGAL
Número de copyright o de depósito legal VA 71-1997
Agencia que asigna Oficina Depósito Legal Valladolid
020 ## - NÚMERO INTERNACIONAL ESTÁNDAR DEL LIBRO
Número Internacional Estándar del Libro 848502267X
040 ## - FUENTE DE CATALOGACIÓN
Lengua de catalogación spa
Centro/agencia transcriptor ES-MaACL
080 ## - NÚMERO DE LA CLASIFICACIÓN DECIMAL UNIVERSAL
Número de la Clasificación Decimal Universal 946.025.1 Montánchez
080 ## - NÚMERO DE LA CLASIFICACIÓN DECIMAL UNIVERSAL
Número de la Clasificación Decimal Universal 946.025.3 Fregenal
080 ## - NÚMERO DE LA CLASIFICACIÓN DECIMAL UNIVERSAL
Número de la Clasificación Decimal Universal 929:24 Asunción Galán de San Cayetano
100 1# - ENTRADA PRINCIPAL--NOMBRE DE PERSONA
9 (RLIN) 22070
Nombre de persona Aparicio López, Teófilo
Término indicativo de función/relación Autor
245 ## - MENCIÓN DEL TÍTULO
Título Sor Asunción Galán de San Cayetano /
Mención de responsabilidad, etc. Teófilo Aparicio López
264 ## - PRODUCCIÓN, PUBLICACIÓN, DISTRIBUCIÓN, FABRICACIÓN Y COPYRIGHT
Producción, publicación, distribución, fabricación y copyright Valladolid :
Nombre del de productor, editor, distribuidor, fabricante Sever Cuesta,
Fecha de producción, publicación, distribución, fabricación o copyright 1997
300 ## - DESCRIPCIÓN FÍSICA
Extensión 157 páginas, [16] páginas de láminas (color) :
Otras características físicas ilustraciones (blanco y negro) ;
Dimensiones 21 cm
336 ## - TIPO DE CONTENIDO
Fuente rdacontent
Término de tipo de contenido Texto
337 ## - TIPO DE MEDIO
Fuente rdamedia
Nombre/término del tipo de medio sin mediación
338 ## - TIPO DE SOPORTE
Fuente rdacarrier
Nombre/término del tipo de soporte volumen
500 ## - NOTA GENERAL
Nota general Índice
520 ## - RESUMEN, ETC.
Sumario, etc. La noble y leal villa de Montánchez ; Fregenal, histórica villa de Extremadura ; Sor Asunción Galán de San Cayetano ; Pensamiento espiritual de Sor Asunción (selección de textos)
600 0# - PUNTO DE ACCESO ADICIONAL DE MATERIA--NOMBRE DE PERSONA
9 (RLIN) 234900
Nombre de persona Asunción Galán de San Cayetano
651 #7 - PUNTO DE ACCESO ADICIONAL DE MATERIA--NOMBRE GEOGRÁFICO
9 (RLIN) 160884
Nombre geográfico Montánchez-
Subdivisión general Historia
651 #0 - PUNTO DE ACCESO ADICIONAL DE MATERIA--NOMBRE GEOGRÁFICO
9 (RLIN) 234901
Nombre geográfico Fregenal de la Sierra-
Subdivisión general Historia
852 ## - LOCALIZACIÓN
Ubicación ES-MaACL
Sublocalización o colección R. 154938
Ubicación en estantería Depósito J
Número de control de estantería N-9599
Donativo/Legado Donación: José Lázaro García
itemnumber 201055
Encuadernación Encuadernación rústica con solapas
903 ## - NOMBRE PERSONAL DE DONANTE
9 234219
a Lázaro García, José
e Donante
942 ## - ELEMENTOS DE ENTRADA SECUNDARIOS (KOHA)
Suprimir en OPAC No
Tipo de ítem Koha Libro impreso
Holdings
Estatus retirado Estado de pérdida Fuente del sistema de clasificación o colocación Estado de daño No para préstamo Biblioteca de origen Biblioteca actual Ubicación en estantería Fecha de adquisición Fuente de adquisición Total de préstamos Signatura topográfica completa Código de barras Visto por última vez Precio de reemplazo Tipo de ítem Koha
    Clasificación decimal universal     Biblioteca del Ateneo de Madrid Biblioteca del Ateneo de Madrid Depósito J 17/01/2024 Donación   N-9599 101206333 17/01/2024 17/01/2024 Libro impreso